<?xml version="1.0" encoding="UTF-8"?>
<collection xmlns="http://www.loc.gov/MARC21/slim">
  <record>
    <leader>00000nam  2200000   4500</leader>
    <controlfield tag="001">INLIS000000000008100</controlfield>
    <controlfield tag="005">20260106084144</controlfield>
    <datafield tag="035" ind1="#" ind2="#">
      <subfield code="a">0010-0123000033</subfield>
    </datafield>
    <datafield tag="245" ind1="1" ind2="#">
      <subfield code="a">Spirit Hidup Dahlan Iskan :</subfield>
      <subfield code="b">Tak Ada Kata Menyerah /</subfield>
      <subfield code="c">Soedarsono</subfield>
    </datafield>
    <datafield tag="100" ind1=" " ind2="#">
      <subfield code="a">SOEDARSONO</subfield>
    </datafield>
    <datafield tag="300" ind1="#" ind2="#">
      <subfield code="a">viii, 172 halaman :</subfield>
      <subfield code="b">Gambar ;</subfield>
      <subfield code="c">14x20 cm</subfield>
    </datafield>
    <datafield tag="260" ind1="#" ind2="#">
      <subfield code="a">Surabaya :</subfield>
      <subfield code="b">Stomata,</subfield>
      <subfield code="c">2012</subfield>
    </datafield>
    <datafield tag="020" ind1="#" ind2="#">
      <subfield code="a">978-602-98957-2-8</subfield>
    </datafield>
    <datafield tag="650" ind1="#" ind2="4">
      <subfield code="a">Biografi Jurnalis dan Biografi Penyiar Berita</subfield>
    </datafield>
    <datafield tag="520" ind1="#" ind2="#">
      <subfield code="a">Buku ini memberikan gambaran tentang filosofi dan latar belakang tersembunyi dari tindakan-tindakan Dahlan Iskan. Dari tokoh ini kita bisa belajar banyak hal tentang kehidupan, harapan, meraih impian, menghadapi tantangan, sekaligus tentang kesederhanaan.</subfield>
    </datafield>
    <datafield tag="250" ind1="#" ind2="#">
      <subfield code="a">Cet. 1</subfield>
    </datafield>
    <controlfield tag="008">260106################g##########0#ind##</controlfield>
    <datafield tag="082" ind1="#" ind2="#">
      <subfield code="a">920.5</subfield>
    </datafield>
    <datafield tag="084" ind1="#" ind2="#">
      <subfield code="a">920.5 SOE s</subfield>
    </datafield>
    <datafield tag="856" ind1="#" ind2="#">
      <subfield code="a">(OPAC Sirkulasi Rak 16)</subfield>
    </datafield>
    <datafield tag="990" ind1="#" ind2="#">
      <subfield code="a">636/H-21</subfield>
    </datafield>
  </record>
</collection>
